<?xml version="1.0" encoding="UTF-8"?>
<record
    xmlns:xsi="http://www.w3.org/2001/XMLSchema-instance"
    xsi:schemaLocation="http://www.loc.gov/MARC21/slim http://www.loc.gov/standards/marcxml/schema/MARC21slim.xsd"
    xmlns="http://www.loc.gov/MARC21/slim">

  <leader>01353nam a2200181   4500</leader>
  <controlfield tag="005">20260410160634.0</controlfield>
  <controlfield tag="008">260406b        |||||||| |||| 00| 0 eng d</controlfield>
  <datafield tag="020" ind1=" " ind2=" ">
    <subfield code="a">9783030896157</subfield>
  </datafield>
  <datafield tag="037" ind1=" " ind2=" ">
    <subfield code="c">Textual</subfield>
  </datafield>
  <datafield tag="040" ind1=" " ind2=" ">
    <subfield code="a">RTL</subfield>
    <subfield code="c">RTL</subfield>
  </datafield>
  <datafield tag="084" ind1=" " ind2=" ">
    <subfield code="q">RTL</subfield>
    <subfield code="a">X9(D2).2 R2</subfield>
  </datafield>
  <datafield tag="100" ind1=" " ind2=" ">
    <subfield code="a">Narayanamoorthy, A. </subfield>
    <subfield code="9">1234102</subfield>
  </datafield>
  <datafield tag="245" ind1=" " ind2=" ">
    <subfield code="a">The irrigation future of India: Development, resource and policy</subfield>
  </datafield>
  <datafield tag="260" ind1=" " ind2=" ">
    <subfield code="a">Switzerland</subfield>
    <subfield code="b">Springer Nature</subfield>
    <subfield code="c">2022</subfield>
  </datafield>
  <datafield tag="300" ind1=" " ind2=" ">
    <subfield code="a">xvii, 389 p. </subfield>
    <subfield code="b">Includes bibliographical reference and index</subfield>
  </datafield>
  <datafield tag="520" ind1=" " ind2=" ">
    <subfield code="a">This book aims to bring forth and address the major issues confronting the irrigation sector of India and also to suggest policy pointers to sustain it. As the policy and reform canvas is large for a huge and diverse country, this book has particular focus on the most important and immediate issues and future options. The chapters not only focus on new research, in-depth analysis and technical details, but also provide a balanced review of the state of irrigation sector and comprehensive presentation of major issues, challenges and future options. With the presentation of in-depth analysis and synthesis of available knowledge, the work can act as a handbook for major irrigation water issues, actual policy changes, and potential reform that could turnaround the sector.</subfield>
  </datafield>
  <datafield tag="942" ind1=" " ind2=" ">
    <subfield code="2">CC</subfield>
    <subfield code="n">0</subfield>
    <subfield code="c">TEXL</subfield>
    <subfield code="h">X9(D2).2 R2</subfield>
  </datafield>
  <datafield tag="999" ind1=" " ind2=" ">
    <subfield code="c">1847974</subfield>
    <subfield code="d">1847974</subfield>
  </datafield>
  <datafield tag="952" ind1=" " ind2=" ">
    <subfield code="0">0</subfield>
    <subfield code="1">0</subfield>
    <subfield code="2">CC</subfield>
    <subfield code="4">0</subfield>
    <subfield code="7">0</subfield>
    <subfield code="a">RTL</subfield>
    <subfield code="b">RTL</subfield>
    <subfield code="d">2026-04-06</subfield>
    <subfield code="l">0</subfield>
    <subfield code="o">X9(D2).2 R2</subfield>
    <subfield code="p">RT1528717</subfield>
    <subfield code="r">2026-04-06 11:53:00</subfield>
    <subfield code="w">2026-04-06</subfield>
    <subfield code="y">TEXL</subfield>
  </datafield>
</record>
